| 000 | 00570nam a22001817a 4500 | ||
|---|---|---|---|
| 003 | OSt | ||
| 005 | 20151204115005.0 | ||
| 008 | 130622t xxu||||| |||| 00| 0 eng d | ||
| 020 | _a9780748776573 | ||
| 050 |
_aQD 305 _b.B365 2003 |
||
| 082 |
_aIB 540.02 _bB38 2003 |
||
| 100 | _aBeavon, Rod | ||
| 245 |
_aPeriodicity, quantitative, equilibria and functional group chemistry _cRod Beavon and Alan Jarvis |
||
| 250 | _arevised edition | ||
| 260 |
_aUnited Kingdom : _bNelson Thornes Ltd, _cc2003. |
||
| 300 |
_aviii, 80 p. _bcol. : ill. ; _c28 cm. |
||
| 942 |
_2lcc _cBK |
||
| 999 |
_c2994 _d2994 |
||